Nákup a predaj na trhu výrobnej sféry

Uložené v:
Podrobná bibliografia
Hlavný autor: Kita, Jaroslav
Korporativný autor: Ekonomická univerzita v Bratislave
Médium: Kniha
Jazyk:Slovak
Vydavateľské údaje: Bratislava IURA EDITION 2002
Edícia:Ekonómia
Predmet:
Tagy: Pridať tag
Žiadne tagy, Buďte prvý, kto otaguje tento záznam!

MARC

LEADER 00000nam a2200000 4500
001 c140517
005 20221124095046.9
020 |a 80-89047-50-5 
041 0 |a slo 
044 |a SK 
245 1 0 |a Nákup a predaj na trhu výrobnej sféry  |c Jaroslav Kita 
264 1 |a Bratislava  |b IURA EDITION  |c 2002 
300 |a 306 s. 
490 1 |a Ekonómia 
830 0 |a Ekonómia 
610 2 0 |a nákup 
610 2 0 |a predaj 
610 2 0 |a sféra výrobná 
610 2 0 |a podnik 
610 2 0 |a marketing 
610 2 0 |a riziko 
610 2 0 |a zákazníci 
610 2 0 |a dodávatelia 
610 2 0 |a obchod 
610 2 0 |a personál 
610 2 0 |a prognózy 
610 2 0 |a predajcovia 
610 2 0 |a stratégia marketingová 
100 1 |a Kita, Jaroslav 
710 2 |a Ekonomická univerzita v Bratislave